Sporclin' in the Rain Quiz Stats

 Plays Quiz Updated Feb 26, 2019

Score 0/24 Timer 10:00
5 Plays Today
Number Movie % Correct
Spider-man
95.9%
Jurassic Park
94%
Singin' in the Rain
89.4%
Saving Private Ryan
85.1%
Twilight Saga: New Moon
81.1%
The Notebook
73%
The Shawshank Redemption
58.8%
Lord of the Rings: The Two Towers
47.2%
Caddyshack
45.3%
The Rocky Horror Picture Show
39.9%
Enchanted
39.4%
Pride and Prejudice
39.3%
Number Movie % Correct
Garden State
38%
Sin City
28.3%
Road to Perdition
23.3%
V for Vendetta
22.5%
The Perfect Storm
22.3%
Blade Runner
19.6%
Unforgiven
17.5%
Breakfast at Tiffany's
15.6%
Poltergeist
13.8%
Pleasantville
11.3%
Seven Samurai
6.9%
Great Expectations
3.4%

You're not logged in!

Compare scores with friends on all Sporcle quizzes.
OR
Log In

You Might Also Like...

Show Comments

Extras

Top Quizzes Today


Score Distribution

Your Account Isn't Verified!

In order to create a playlist on Sporcle, you need to verify the email address you used during registration. Go to your Sporcle Settings to finish the process.

Report this User

Report this user for behavior that violates our Community Guidelines.

Details: